Last Kiss lyrics (Pearl Jam) - Statistics

General Stats
  • This quiz has been taken 35 times
  • The average score is 221 of 259
Answer Stats
Lyrics % Correct
a
100%
A
100%
away
100%
baby
100%
be?
100%
be
100%
can
100%
from
100%
heaven,
100%
her
100%
I
100%
me
100%
me,
100%
my
100%
Oh
100%
oh
100%
she
100%
She's
100%
she's
100%
so
100%
So
100%
The
100%
the
100%
where,
100%
where
100%
car
96%
had
96%
leave
96%
Lord
96%
on
96%
out
96%
see
96%
to
96%
took
96%
We
96%
when
96%
When
96%
gone
92%
gone,
92%
got
92%
in
92%
this
92%
were
92%
world
92%
daddy's
88%
date
88%
far
88%
good
88%
right
88%
that
88%
up,
88%
very
88%
all
85%
driven
85%
last
85%
never
85%
night
85%
people
85%
There
85%
woke
85%
around
81%
road,
81%
scream
81%
sound
81%
was
81%
couldn't
77%
dead
77%
down
77%
engine
77%
forget
77%
hadn't
77%
heard
77%
stop,
77%
ahead
73%
glass
73%
I'll
73%
painful
73%
pouring
73%
rain
73%
straight
73%
tires,
73%
stalled,
69%
standing
69%
swerved
69%
kiss
65%
screaming
65%
eyes
62%
"Hold
62%
hold
62%
warm
62%
and
58%
at
58%
darlin',
58%
Something
58%
while"
58%
busting
54%
held
54%
little
54%
love
54%
love,
54%
said
54%
found
50%
just
50%
knew
50%
looked
50%
now
50%
our
50%
somehow
50%
though
50%
But
46%
close,
46%
lost
46%
through
46%
tight
46%
even
42%
head,
42%
kissed
42%
missed
42%
life
38%
lifted
35%
flowing
19%
Ooh
19%
No matching quizzes found
Score Distribution
Percent of People with Each Score
Percentile by Number Answered
Your Score History
You have not taken this quiz